An introduction to the bootstrap /
Guardado en:
| Autor Principal: | |
|---|---|
| Otros Autores: | |
| Formato: | Libro |
| Idioma: | English |
| Publicado: |
New York :
Chapman & Hall,
c1993.
|
| Series: | Monographs on statistics and applied probability ;
57 |
| Materias: | |
| Acceso en línea: | Publisher description |
| Etiquetas: |
Agregar Etiqueta
Sin Etiquetas, Sea el primero en etiquetar este registro!
|
| LEADER | 00902pam a2200241 a 4500 | ||
|---|---|---|---|
| 001 | MAT.inmabb006618 | ||
| 008 | 930426s1993####nyua#####b####001#0#eng## | ||
| 005 | 20120810174423.0 | ||
| 245 | 1 | 3 | |a An introduction to the bootstrap / |c Bradley Efron and Robert J. Tibshirani. |
| 260 | |a New York : |b Chapman & Hall, |c c1993. | ||
| 300 | |a xvi, 436 p. : |b il. ; |c 23 cm. | ||
| 440 | 0 | |a Monographs on statistics and applied probability ; |v 57 | |
| 504 | |a Incluye referencias bibliográficas (p. [413]-425) e índices. | ||
| 510 | 4 | |a MR, |c 95h:62077 | |
| 020 | |a 0412042312 | ||
| 100 | 1 | |a Efron, Bradley. | |
| 700 | 1 | |a Tibshirani, Robert. | |
| 650 | 0 | |a Bootstrap (Statistics) | |
| 084 | |a 62G09 (62-01 62-04 62F40) |2 msc2000 | ||
| 010 | |a 93004489 | ||
| 040 | |a DLC |c DLC |d DLC | ||
| 856 | 4 | 2 | |3 Publisher description |u http://www.loc.gov/catdir/enhancements/fy0730/93004489-d.html |
| 859 | |h 62 |i Ef27 |p A-7058 |b BIB. MATEMATICA | ||
